Penélope Cruz Filmography - Statistics

General Stats
  • This quiz has been taken 55 times
    7 since last reset
  • The average score is 31 of 127
Answer Stats
Type Year Name % Correct
Film 1999 All About My Mother
100%
Film 1992 Jamón Jamón
100%
Film 2019 Pain and Glory
100%
Film 2021 Parallel Mothers
100%
Film 2008 Vicky Cristina Barcelona
100%
Film 2009 Broken Embraces
75%
Film 2023 Ferrari
75%
Film 1997 Live Flesh
75%
Film 2009 Nine
75%
Film 2006 Volver
75%
Film 2000 All the Pretty Horses
50%
TV Special 2001 America: A Tribute to Heroes
50%
TV Show 2018 American Crime Story
50%
Film 1992 Belle Epoque
50%
Film 2018 Everybody Knows
50%
Film 2013 I'm So Excited!
50%
Film 1997 Love Can Seriously Damage Your Health
50%
Film 1997 Open Your Eyes
50%
Film 2011 Pirates of the Caribbean: On Stranger Tides
50%
Film 2022 The 355
50%
Film 2026 The Bride
50%
Film 2016 The Queen of Spain
50%
Film 2012 To Rome with Love
50%
Film 2001 Vanilla Sky
50%
Film 1999 Volavérunt
50%
Film 2019 Wasp Network
50%
Film 1994 Alegre Ma Non Troppo
25%
Film 2006 Bandidas
25%
Film 2001 Blow
25%
Film 1996 Brujas
25%
Film TBA Bunker
25%
Film 2001 Captain Corelli's Mandolin
25%
Film 2005 Chromophobia
25%
Film TBA Day Drinker
25%
Film TBA Days of Abandonment
25%
Film 1998 Don Juan
25%
Film 2004 Don't Move
25%
Film 2001 Don't Tempt Me
25%
Film 2008 Elegy
25%
TV Show 2016-2024 El hormiguero
25%
Film 1995 Entre Rojas
25%
Film 1997 Et Hjørne af Paradis
25%
Film 2003 Fanfan la Tulipe
25%
Film 1993 For Love, Only for Love
25%
TV Mini-Series 1992 Framed
25%
Film 2009 G-Force
25%
Film 2003 Gothika
25%
Film 2016 Grimsby
25%
Film 2004 Head in the Clouds
25%
Web Mini-Series 2020 Home Movie: The Princess Bride
25%
Film 2026 La Bola Negra
25%
Film 1996 La Celestina
25%
Commercial 2010-Present Lancôme
25%
Film 2022 L'immensità
25%
Film 2017 Loving Pablo
25%
Film 2015 Ma Ma
25%
Film 2007 Manolete
25%
Film 2003 Masked and Anonymous
25%
Film 2017 Murder on the Orient Express
25%
Film 2004 Noel
25%
Film 1996 Not Love, Just Frenzy
25%
Film 2021 Official Competition
25%
Film 2022 On the Fringe
25%
Web Mini-Series 2021 Pandemica
25%
Film 2005 Sahara
25%
Film 2010 Sex and the City 2
25%
TV Show 1991 Softly from Paris
25%
Film 1998 Talk of Angels
25%
Film 2014 The Boxtrolls
25%
Film 2013 The Counselor
25%
Film 1998 The Girl of Your Dreams
25%
Film 2007 The Good Night
25%
Film 1993 The Greek Labyrinth
25%
Film 1998 The Hi-Lo Country
25%
Film 2026 The Invite
25%
Film 1998 The Man with Rain in His Shoes
25%
Film 1993 The Rebel
25%
Film 1994 Todo es Mentira
25%
Film 2012 Twice Born
25%
Film 2002 Waking Up in Reno
25%
Film 2000 Woman on Top
25%
Film 2016 Zoolander 2
25%
Documentary Series 2010 60 Minutes
0%
TV Documentary 2001 All About Desire: The Passionate Cinema of Pedro Almodovar
0%
Documentary Series 2011 American Masters
0%
TV Special 2002 Back in the U.S.
0%
TV Documentary 2009 Buscando a Penélope
0%
TV Documentary 2001 Calcuta
0%
Commercial 2003 Coca-Cola
0%
TV Documentary 2007 Cómo conseguir un papel en Hollywood
0%
Music Video 2007 Cosas Que Contar
0%
Commercial 2018 Costa Cruises
0%
TV Show 1991 Crónicas Urbanas
0%
Music Video 2012 Decirnos Adiós
0%
Documentary 2011 Der Weg des Ruhms
0%
TV Short 2019 El Hormiguero: Vacaciones en el Titanic
0%
Music Video 1994 El Patio
0%
Short TV Documentary 1994 Especial Oscar 1993
0%
Commercial 1994, 2001 Freixenet
0%
Documentary 2023 High & Low - John Galliano
0%
TV Show 1994 Hola Raffaella
0%
TV Special 2010 Hope for Haiti Now: A Global Benefit for Earthquake Relief
0%
Documentary 2021 Johnny Depp: King of Cult
0%
TV Show 1992 Juego de niños
0%
Documentary 2025 Karl
0%
Music Video 1989 La Fuerza del Destino
0%
Commercial 2014 L'Agent by Agent Provocateur
0%
TV Show 1991 La Quinta Marcha
0%
Commercial 2009 L'Oréal Paris
0%
TV Show 1990 Los Mundos de Yupi
0%
Commercial 2002 Lux Super Rich
0%
Documentary Series 2014, 2017 Nature Is Speaking
0%
Commercial 2012-2014 Nespresso
0%
Commercial 2012 New Super Mario Bros. 2
0%
Documentary Mini-Series 2025 Pedro x Jarvis
0%
TV Documentary 2022 Penélope Cruz, les reflets de la passion
0%
TV Special 2019 Premio Donostia a Penélope Cruz
0%
TV Show 2003, 2005 Punk'd
0%
TV Show 2017 ¿Qué fue de Jorge Sanz?
0%
Commercial 2001-2002 Ralph Lauren Glamorous
0%
Commercial 2014 Schweppes
0%
TV Show 2013, 2014 Sesame Street
0%
Film 1995 The Butterfly Effect
0%
Short Film 2009 The Cannibalistic Councillor
0%
Short Film 2007 Vanity Fair: Killers Kill, Dead Men Die
0%
TV Documentary 2003 Women on Top: Hollywood and Power
0%
Documentary 2016 Yo soy uno entre cien mil
0%
No matching quizzes found
Score Distribution
Percent of People with Each Score
Percentile by Number Answered
Your Score History
You have not taken this quiz since the last reset